Lord of the Rings Fill in the Blanks of the Quote - Statistics

General Stats
  • This quiz has been taken 44 times
  • The average score is 6 of 15
Answer Stats
Hint Answer % Correct
"May it be a light to you in ____ places, when all other lights go out." dark
97%
"You have chosen the Evening, but my love is given to the ________." Morning
92%
"From the moment he first saw it he wanted the Enemy's ____!" Ring
84%
"The days are short; if thou art in haste, remember the Paths of the ____." Dead
68%
"If you ever touch me again, you shall be cast yourself into the ____ of Doom." Fire
68%
"Look for Bilbo in the woods of the _____. I shall be with him." Shire
50%
"Eowyn, Eowyn, white lady of rohan, in this hour I do not believe any ______ will endure!" darkness
37%
"But I do not choose now to do what I came to do. I will not do this ____. The Ring is mine." deed
34%
"You hold out your hand to me, and I perceive only a finger of the claw of ______." Mordor
26%
"Do not meddle in the affairs of Wizards, for they are ______ and quick to anger." subtle
16%
"Sam will give you a ____. Just tell him where to go, and he'll go." ride
13%
Lost lost! We're lost! And when Precious goes we'll die, yes, die into the ____." dust
8%
"It is the sign of our fall, and the shadow of doom, a Fell _____ of the air." Rider
8%
"I would not take this thing, if it lay by the _______. Not if Minas Tirith were falling in ruin and I alone could save her." Highway
3%
"Then you think that Darkness is coming? Darkness ________?" Unescapable
3%
No matching quizzes found
Score Distribution
Percent of People with Each Score
Percentile by Number Answered
Your Score History
You have not taken this quiz